000 00423nam a2200181Ia 4500
005 20250320043934.0
008 240331s9999 xx 000 0 und d
082 _a302.2
_bMIL
_2320
100 _aMiller, J
245 0 _aMcLuhan
260 _aGlasgow,
_bWilliams Collins Sons & Co Ltd
_c1971
300 _a144 p.,
650 _aLanguage
650 _aMedia
650 _aLiterature
650 _aPhilosophy
942 _cL
999 _c1091
_d1091